| 000 | 00514nam a2200217Ia 4500 | ||
|---|---|---|---|
| 003 | 0100 | ||
| 008 | 130303s9999 xx 000 0 und d | ||
| 020 | _a691030960 | ||
| 040 | _cARRUPELIB | ||
| 050 | _aJQ2947.A91B53 1974 | ||
| 100 | _aBienen, Henry | ||
| 245 | _aKenya | ||
| 245 | _bthe politics of participation and control | ||
| 260 | _aPrinceton | ||
| 260 | _bPrinceton University Press | ||
| 260 | _C1974 | ||
| 300 | _aviii" 215 p. | ||
| 300 | _b 23 cm | ||
| 700 | _aHenry Bienen | ||
| 942 | 0 | 0 | _01 |
| 999 |
_c12048 _d12048 |
||